NLSUI OPAC header image

The law of international watercourses : Non-navigational users (Record no. 20800)

MARC details
000 -LEADER
fixed length control field 01922nam a2200217Ia 4500
003 - CONTROL NUMBER IDENTIFIER
control field OSt
005 - DATE AND TIME OF LATEST TRANSACTION
control field 20251013175634.0
008 - FIXED-LENGTH DATA ELEMENTS--GENERAL INFORMATION
fixed length control field 160316s2003 xxu||||| |||| 00| 0 eng d
020 ## - INTERNATIONAL STANDARD BOOK NUMBER
International Standard Book Number 9780199264100
040 ## - CATALOGING SOURCE
Transcribing agency n
082 ## - DEWEY DECIMAL CLASSIFICATION NUMBER
Classification number 341.44 MCC
100 ## - MAIN ENTRY--PERSONAL NAME
Personal name McCaffrey Stephen C
245 ## - TITLE STATEMENT
Title The law of international watercourses : Non-navigational users
260 ## - PUBLICATION, DISTRIBUTION, ETC.
Place of publication, distribution, etc. Oxford
Name of publisher, distributor, etc. Oxford University Press
Date of publication, distribution, etc. 2003
300 ## - PHYSICAL DESCRIPTION
Extent 514p
Dimensions xxix
365 ## - TRADE PRICE
Price amount Rs.2,319
505 ## - FORMATTED CONTENTS NOTE
Formatted contents note Contents<br/>I. INTRODUCTION;<br/>1. Human Use of Water and the Coming Era of Water Scarcity;<br/>2. The Concept of the International Watercourse System;<br/>II. THEORETICAL BASES OF THE LAW OF INTERNATIONAL WATERCOURSES;<br/>3. Theoretical Bases of International Watercourse Law: Introductory Considerations;<br/>4. International Watercourses as Exclusively National Resources: The 'Harmon Doctrine' in United States Practice;<br/>5. The Theoretical Basis of International Watercourse Law: An Examination of the Four Principal Theories;<br/>III. THE MAJOR CASES AND CONTROVERSIES: A SURVEY OF STATE PRACTICE;<br/>6. The Major Cases;<br/>7. Selected Case Studies;<br/>IV. FUNDAMENTAL RIGHTS AND OBLIGATIONS;<br/>8. Introduction: The 1997 United Nations Convention;<br/>A. SUBSTANTIVE OBLIGATIONS;<br/>9. The Obligation to Utilize an International Watercourse in an Equitable and Reasonable Manner;<br/>10. The Obligation to Prevent Harm to Other Riparian States;<br/>11. The Obligation to Protect International Watercourses and their Ecosystems;<br/>B. PROCEDURAL OBLIGATIONS;<br/>12. Procedural Obligations;<br/>C. GROUNDWATER;<br/>13. The Special Case of Groundwater;<br/>D. DISPUTE AVOIDANCE AND SETTLEMENT;<br/>14. Dispute Avoidance and Settlement: Selected Aspects;<br/>ANNEXES;<br/>BIBLIOGRAPHY;<br/>Index.
650 ## - SUBJECT ADDED ENTRY--TOPICAL TERM
General subdivision Water Resources Development - International Cooperation
-- Transboundary Pollution - Law & Legislation
-- Water rights
Topical term or geographic name entry element International Rivers - International Law
700 ## - ADDED ENTRY--PERSONAL NAME
Personal name
--
942 ## - ADDED ENTRY ELEMENTS (KOHA)
Source of classification or shelving scheme Dewey Decimal Classification
Koha item type BOOKs
Holdings
Withdrawn status Lost status Source of classification or shelving scheme Damaged status Not for loan Home library Current library Shelving location Date acquired Cost, normal purchase price Total Checkouts Total Renewals Full call number Barcode Date last seen Date last checked out Price effective from Koha item type
    Dewey Decimal Classification     NLS NLS Library Compactors 30/05/2017 2319.00 1 1 341.44McC 18903 06/01/2025 20/12/2024 30/05/2017 BOOKs